[Event "Ruhrgebiet Verbandsliga2 1011"]
[Site "Nordrheinwestfalen"]
[Date "2011.02.20"]
[Round "7.2"]
[White "Lindam, Ingo"]
[Black "Borgschulze, Maik"]
[Result "0-1"]
[WhiteElo "2048"]
[BlackElo "2145"]
[PlyCount "136"]
[EventDate "2010.09.12"]
[EventType "team-tourn"]
[EventRounds "9"]
[EventCountry "GER"]
[SourceTitle "EXT 2020"]
[Source "ChessBase"]
[SourceDate "2019.10.17"]
[SourceVersion "1"]
[SourceVersionDate "2019.10.17"]
[SourceQuality "1"]
[WhiteTeam "Dortmund FS 98"]
[BlackTeam "Mengede SG"]
[WhiteTeamCountry "GER"]
[BlackTeamCountry "GER"]

1. d4 Nf6 2. Bg5 e6 3. e4 h6 4. Bxf6 Qxf6 5. e5 Qe7 6. Nd2 Nc6 7. c3 d6 8. exd6 cxd6 9. Bd3 d5 10. Ngf3 Qf6 11. 0-0 Bd6 12. b4 0-0 13. b5 Na5 14. Qe2 Bd7 15. Ne5 Bxe5 16. dxe5 Qe7 17. Nb3 Qa3 18. Nxa5 Qxa5 19. c4 dxc4 20. Bxc4 a6 21. bxa6 bxa6 22. a4 Rfd8 23. Ra3 Bc6 24. Rg3 Rd4 25. Bd3 Qxa4 26. Qe3 Rg4 27. Rc1 Rxg3 28. hxg3 Rd8 29. Be2 Bb5 30. Bf3 Qd4 31. Qe1 Qd2 32. Qxd2 Rxd2 33. Rc8+ Kh7 34. Be4+ g6 35. f4 Kg7 36. Ra8 g5 37. Bb7 Ra2 38. Ra7 a5 39. Be4 a4 40. f5 exf5 41. Bxf5 Kf8 42. Be4 Re2 43. Bd5 Be8 44. Ra8 Rc2 45. Be4 Rc5 46. e6 f5 47. Bb7 Ke7 48. Bc8 Rc7 49. Bd7 Bxd7 50. exd7 Rxd7 51. Rxa4 g4 52. Kf2 Rd2+ 53. Ke3 Rxg2 54. Kf4 Rf2+ 55. Ke5 Kf7 56. Ra6 Kg7 57. Rb6 h5 58. Ra6 h4 59. gxh4 g3 60. h5 g2 61. Rg6+ Kh7 62. Kf6 f4 63. Rg7+ Kh6 64. Rg8 Kxh5 65. Kf5 Kh4 66. Rg4+ Kh3 67. Kg5 Kh2 68. Rh4+ Kg1 0-1

[Event "Ruhrgebiet Verbandsliga2 1011"]
[Site "Nordrheinwestfalen"]
[Date "2011.01.16"]
[Round "5.2"]
[White "Dergatschova, Anna"]
[Black "Borgschulze, Maik"]
[Result "1-0"]
[WhiteElo "2187"]
[BlackElo "2145"]
[PlyCount "57"]
[EventDate "2010.09.12"]
[EventType "team-tourn"]
[EventRounds "9"]
[EventCountry "GER"]
[SourceTitle "EXT 2020"]
[Source "ChessBase"]
[SourceDate "2019.10.17"]
[SourceVersion "1"]
[SourceVersionDate "2019.10.17"]
[SourceQuality "1"]
[WhiteTeam "Holsterhausen SK"]
[BlackTeam "Mengede SG"]
[WhiteTeamCountry "GER"]
[BlackTeamCountry "GER"]

1. c4 Nf6 2. g3 g6 3. Bg2 Bg7 4. e4 d6 5. d4 0-0 6. Ne2 c5 7. Nbc3 Nc6 8. dxc5 dxc5 9. Be3 Ne5 10. 0-0 Nxc4 11. Qxd8 Rxd8 12. Bxc5 Bf8 13. b3 Nd2 14. Rfd1 Bg4 15. e5 Nd7 16. Bxb7 Rab8 17. Rxd2 Nxc5 18. Rxd8 Rxd8 19. Bg2 Bxe2 20. Nxe2 Rd2 21. Nc3 Bg7 22. f4 f6 23. b4 Nd3 24. Ne4 Rb2 25. a3 fxe5 26. Rd1 Rb3 27. Bf1 Nb2 28. Rd8+ Bf8 29. Nc5 1-0

[Event "Ruhrgebiet Verbandsliga2 1011"]
[Site "Nordrheinwestfalen"]
[Date "2010.12.05"]
[Round "4"]
[White "Borgschulze, Maik"]
[Black "Evertz, Dieter"]
[Result "1-0"]
[WhiteElo "2145"]
[BlackElo "2013"]
[PlyCount "97"]
[EventDate "2010.09.12"]
[EventType "team-tourn"]
[EventRounds "9"]
[EventCountry "GER"]
[SourceTitle "EXT 2020"]
[Source "ChessBase"]
[SourceDate "2019.10.17"]
[SourceVersion "1"]
[SourceVersionDate "2019.10.17"]
[SourceQuality "1"]
[WhiteTeam "Mengede SG"]
[BlackTeam "Herne Sodingen II"]
[WhiteTeamCountry "GER"]
[BlackTeamCountry "GER"]

1. d4 Nf6 2. c4 c5 3. d5 b5 4. cxb5 a6 5. Nc3 axb5 6. e4 b4 7. Nb5 d6 8. Bf4 Nbd7 9. Nf3 Bb7 10. Bd3 g6 11. 0-0 Qb6 12. Nd2 Ba6 13. a4 Qb8 14. Qe2 Nh5 15. Bg5 h6 16. Be3 Ne5 17. Nc7+ Qxc7 18. Bxa6 Bg7 19. Bb5+ Nd7 20. Nc4 0-0 21. Bxd7 Qxd7 22. Nb6 Qc7 23. Nxa8 Rxa8 24. Rfc1 Ra5 25. Qd2 Qd7 26. Bxh6 Rxa4 27. Bxg7 Kxg7 28. h3 Nf6 29. Qc2 b3 30. Qxb3 Rxe4 31. Rc4 Re5 32. Qb8 Rh5 33. Ra8 Nxd5 34. Qg8+ Kf6 35. Rca4 Qe6 36. Rf8 Nb4 37. Ra3 Qe1+ 38. Kh2 Qe5+ 39. Rg3 Ke6 40. Qxf7+ Kd7 41. Qe8+ Kc7 42. f4 Qe1 43. Qc8+ Kb6 44. Qb8+ Kc6 45. Qa8+ Kc7 46. Ra3 Na6 47. Qc8+ Kb6 48. Qxa6+ Kc7 49. Qc8+ 1-0

[Event "Ruhrgebiet VL1 0405"]
[Site "Ruhrgebiet"]
[Date "2005.03.13"]
[Round "8.3"]
[White "Borgschulze, Maik"]
[Black "Spiess, Timo"]
[Result "1/2-1/2"]
[WhiteElo "2078"]
[BlackElo "2042"]
[PlyCount "123"]
[EventDate "2004.09.12"]
[EventType "team"]
[EventRounds "9"]
[EventCountry "GER"]
[SourceTitle "EXT 2006"]
[Source "ChessBase"]
[SourceDate "2005.11.24"]
[SourceVersion "1"]
[SourceVersionDate "2005.11.24"]
[SourceQuality "1"]
[WhiteTeam "Werne SK"]
[BlackTeam "Bochum SV 02"]
[WhiteTeamCountry "GER"]
[BlackTeamCountry "GER"]

1. d4 Nf6 2. c4 e6 3. Nc3 Bb4 4. e3 b6 5. Bd3 Bb7 6. Nf3 0-0 7. 0-0 Bxc3 8. bxc3 d6 9. Qc2 Nc6 10. e4 e5 11. Ba3 Re8 12. c5 dxc5 13. dxc5 Na5 14. Bb4 Nc6 15. Ba3 Qc8 16. Qa4 Qd7 17. Rad1 a6 18. Bc4 Qg4 19. cxb6 cxb6 20. Qb3 Nd8 21. Rxd8 Rexd8 22. Bxf7+ Kh8 23. Qxb6 Qxe4 24. Be7 Nd7 25. Qd6 Qc6 26. Rd1 e4 27. Qxc6 Bxc6 28. Bxd8 exf3 29. Be7 Ne5 30. Bd5 Bxd5 31. Rxd5 Ng6 32. Rd8+ Rxd8 33. Bxd8 Nf4 34. gxf3 Ne2+ 35. Kf1 Nxc3 36. a3 Nb5 37. a4 Nc3 38. a5 Nd5 39. Ke2 Nf4+ 40. Ke3 Ne6 41. Bb6 Kg8 42. Ke4 Kf7 43. Kd5 Nf8 44. Kc6 Ke6 45. Kb7 Kd5 46. Kxa6 Kc6 47. Ka7 Nd7 48. Bd4 g6 49. h3 Kc7 50. Be3 Kc6 51. Bf4 Kb5 52. Bc7 Nc5 53. Kb8 Nd3 54. Kb7 Nc5+ 55. Kc8 Nd3 56. Kd7 g5 57. Bg3 h5 58. h4 gxh4 59. Bxh4 Ne5+ 60. Ke6 Nxf3 61. Bd8 h4 62. Bxh4 1/2-1/2

[Event "Ruhrgebiet VL1 0405"]
[Site "Ruhrgebiet"]
[Date "2005.02.20"]
[Round "7.3"]
[White "Nowicki, Heiko"]
[Black "Borgschulze, Maik"]
[Result "0-1"]
[WhiteElo "1962"]
[BlackElo "2078"]
[PlyCount "48"]
[EventDate "2004.09.12"]
[EventType "team"]
[EventRounds "9"]
[EventCountry "GER"]
[SourceTitle "EXT 2006"]
[Source "ChessBase"]
[SourceDate "2005.11.24"]
[SourceVersion "1"]
[SourceVersionDate "2005.11.24"]
[SourceQuality "1"]
[WhiteTeam "Laeufer Wanne Eickel"]
[BlackTeam "Werne SK"]
[WhiteTeamCountry "GER"]
[BlackTeamCountry "GER"]

1. e4 e6 2. d3 d5 3. Nd2 Nf6 4. Ngf3 Nc6 5. c3 dxe4 6. dxe4 Bc5 7. Bb5 Bd7 8. 0-0 0-0 9. b4 Bb6 10. Bd3 Ng4 11. Nc4 Qf6 12. Nxb6 axb6 13. Qb3 Nce5 14. Nxe5 Nxe5 15. Be2 Bc6 16. f3 b5 17. Be3 Ng6 18. g3 Ra4 19. a3 h5 20. h4 Raa8 21. Rad1 Rfd8 22. Rxd8+ Rxd8 23. Bg5 Qe5 24. f4 Qxe4 0-1

[Event "Ruhrgebiet VL1 0405"]
[Site "Ruhrgebiet"]
[Date "2005.01.30"]
[Round "6.3"]
[White "Borgschulze, Maik"]
[Black "Ciornei, Dragos"]
[Result "1/2-1/2"]
[WhiteElo "2078"]
[BlackElo "2108"]
[PlyCount "66"]
[EventDate "2004.09.12"]
[EventType "team"]
[EventRounds "9"]
[EventCountry "GER"]
[SourceTitle "EXT 2006"]
[Source "ChessBase"]
[SourceDate "2005.11.24"]
[SourceVersion "1"]
[SourceVersionDate "2005.11.24"]
[SourceQuality "1"]
[WhiteTeam "Werne SK"]
[BlackTeam "Osterfeld"]
[WhiteTeamCountry "GER"]
[BlackTeamCountry "GER"]

1. d4 Nf6 2. c4 g6 3. Nc3 Bg7 4. e4 0-0 5. f3 d6 6. Be3 e5 7. d5 Nh5 8. Qd2 Qh4+ 9. Bf2 Qf4 10. Be3 Qh4+ 11. Bf2 Qe7 12. 0-0-0 f5 13. Kb1 Nd7 14. Nge2 Ndf6 15. Be3 fxe4 16. Nxe4 Nxe4 17. fxe4 Nf6 18. Nc3 Ng4 19. h3 Nxe3 20. Qxe3 a6 21. Be2 Qh4 22. Rhf1 Bd7 23. c5 Bh6 24. Qg1 Qg3 25. Rd3 Rxf1+ 26. Qxf1 Qg5 27. cxd6 Rf8 28. Rf3 Rxf3 29. Bxf3 cxd6 30. a4 Qe3 31. Qd1 Qb6 32. Bg4 Bxg4 33. Qxg4 Be3 1/2-1/2

[Event "Ruhrgebiet VL1 0405"]
[Site "Ruhrgebiet"]
[Date "2004.11.28"]
[Round "4.3"]
[White "Witthaus, Joerg"]
[Black "Borgschulze, Maik"]
[Result "1-0"]
[WhiteElo "1982"]
[BlackElo "2078"]
[PlyCount "57"]
[EventDate "2004.09.12"]
[EventType "team"]
[EventRounds "9"]
[EventCountry "GER"]
[SourceTitle "EXT 2006"]
[Source "ChessBase"]
[SourceDate "2005.11.24"]
[SourceVersion "1"]
[SourceVersionDate "2005.11.24"]
[SourceQuality "1"]
[WhiteTeam "Altenessen"]
[BlackTeam "Werne SK"]
[WhiteTeamCountry "GER"]
[BlackTeamCountry "GER"]

1. d4 Nf6 2. c4 e6 3. Nc3 Bb4 4. Qc2 0-0 5. e4 d5 6. e5 Ne4 7. a3 Bxc3+ 8. bxc3 c5 9. Bd3 Qa5 10. Ne2 cxd4 11. cxd5 exd5 12. f3 Nxc3 13. Nxd4 Ne4+ 14. Ke2 Nc5 15. Bxh7+ Kh8 16. Be3 Nbd7 17. f4 b6 18. Rhd1 Ne4 19. Bxe4 dxe4 20. Nb3 Qb5+ 21. Kf2 f5 22. Rab1 Nxe5 23. fxe5 f4 24. Bd4 e3+ 25. Kg1 Bf5 26. Qb2 Bxb1 27. Rxb1 Rad8 28. e6 Rf5 29. e7 1-0

[Event "Ruhrgebiet VL1 0405"]
[Site "Ruhrgebiet"]
[Date "2004.11.07"]
[Round "3.3"]
[White "Borgschulze, Maik"]
[Black "Romczik, Detlef"]
[Result "1/2-1/2"]
[WhiteElo "2078"]
[BlackElo "1953"]
[PlyCount "67"]
[EventDate "2004.09.12"]
[EventType "team"]
[EventRounds "9"]
[EventCountry "GER"]
[SourceTitle "EXT 2006"]
[Source "ChessBase"]
[SourceDate "2005.11.24"]
[SourceVersion "1"]
[SourceVersionDate "2005.11.24"]
[SourceQuality "1"]
[WhiteTeam "Werne SK"]
[BlackTeam "Dortmund Kleiner Koenig"]
[WhiteTeamCountry "GER"]
[BlackTeamCountry "GER"]

1. d4 d5 2. c4 e6 3. Nc3 Nf6 4. cxd5 exd5 5. Bg5 Be7 6. e3 0-0 7. Bd3 c6 8. Qc2 h6 9. Bh4 b5 10. Nf3 a5 11. a4 b4 12. Na2 Nfd7 13. Bxe7 Qxe7 14. Nc1 c5 15. dxc5 Nxc5 16. 0-0 Nbd7 17. Rd1 Bb7 18. Nd4 Rac8 19. Qe2 Nb6 20. Ncb3 Nxd3 21. Qxd3 Nc4 22. Qe2 Rfe8 23. Rac1 Qe5 24. Rc2 Ba6 25. Qf3 Red8 26. Qf5 Qe8 27. Ra1 Nd6 28. Qf3 Rxc2 29. Nxc2 Bd3 30. Ncd4 Nc4 31. Qd1 Be4 32. Qe2 Rc8 33. Nb5 Qe7 34. N5d4 1/2-1/2

[Event "Ruhrgebiet VL1 0405"]
[Site "Ruhrgebiet"]
[Date "2004.10.10"]
[Round "2.3"]
[White "Schneider, Markus"]
[Black "Borgschulze, Maik"]
[Result "0-1"]
[WhiteElo "1995"]
[BlackElo "2078"]
[PlyCount "70"]
[EventDate "2004.09.12"]
[EventType "team"]
[EventRounds "9"]
[EventCountry "GER"]
[SourceTitle "EXT 2006"]
[Source "ChessBase"]
[SourceDate "2005.11.24"]
[SourceVersion "1"]
[SourceVersionDate "2005.11.24"]
[SourceQuality "1"]
[WhiteTeam "Mengede SG"]
[BlackTeam "Werne SK"]
[WhiteTeamCountry "GER"]
[BlackTeamCountry "GER"]

1. e4 e6 2. d4 d5 3. Nd2 Nf6 4. e5 Nfd7 5. Bd3 c5 6. c3 Nc6 7. Ne2 a5 8. 0-0 a4 9. f4 a3 10. bxa3 cxd4 11. cxd4 f5 12. exf6 Nxf6 13. a4 Bd6 14. Nf3 0-0 15. Nc3 Qa5 16. Nb5 Bb4 17. Bc2 Bd7 18. Rb1 Ne4 19. g3 h6 20. Qe2 Nf6 21. Rf2 Rac8 22. Rg2 e5 23. dxe5 Ne4 24. g4 Bc5+ 25. Kh1 Nb4 26. Bxe4 dxe4 27. Nfd4 Bxd4 28. Nxd4 Nd3 29. Bd2 Qxa4 30. Qxe4 Nf2+ 31. Rxf2 Bc6 32. Qxc6 bxc6 33. Be3 c5 34. Nf3 Qe4 35. Bd2 Qxb1+ 0-1

[Event "Ruhrgebiet VK3 0304"]
[Site "Ruhrgebiet"]
[Date "2004.02.29"]
[Round "7.1"]
[White "Mallee, Ralph"]
[Black "Borgschulze, Maik"]
[Result "1-0"]
[WhiteElo "2159"]
[BlackElo "2090"]
[PlyCount "69"]
[EventDate "2003.09.28"]
[EventType "team"]
[EventRounds "9"]
[EventCountry "GER"]
[SourceTitle "EXT 2007"]
[Source "ChessBase"]
[SourceDate "2006.11.23"]
[SourceVersion "1"]
[SourceVersionDate "2006.11.23"]
[SourceQuality "1"]
[WhiteTeam "Dortmund SV"]
[BlackTeam "Werne SK"]
[WhiteTeamCountry "GER"]
[BlackTeamCountry "GER"]

1. e4 e6 2. d4 d5 3. Nd2 Nf6 4. e5 Nfd7 5. c3 c5 6. Bd3 Nc6 7. Ne2 a5 8. f4 Qb6 9. Nf3 f6 10. exf6 Nxf6 11. 0-0 Bd6 12. Kh1 0-0 13. Be3 Ng4 14. Bg1 c4 15. Bc2 Qxb2 16. Rb1 Qa3 17. h3 Nf6 18. Be3 Bc7 19. Ne5 Ra6 20. g4 Qe7 21. Ng3 Nxe5 22. fxe5 Nd7 23. g5 Rxf1+ 24. Nxf1 Rb6 25. Nh2 Rxb1 26. Bxb1 Nf8 27. Ng4 Bd7 28. Nf6+ gxf6 29. gxf6 Qf7 30. Qg4+ Ng6 31. Bh6 b5 32. h4 Bd6 33. h5 Be8 34. hxg6 hxg6 35. exd6 1-0